|
|
|
|
| LEADER |
00644cam a2200193 7i4500 |
| 001 |
0000003988 |
| 005 |
19991025090000.0 |
| 002 |
##000005427 |
| 020 |
0 |
0 |
|a 0-8442-3458-3
|
| 090 |
0 |
0 |
|a B 658.8
|b HEN
|
| 100 |
1 |
0 |
|a Hendon
|
| 245 |
0 |
0 |
|a Classic failure in product marketing :
|b marketing principle violations and how to avoid them..
|
| 260 |
0 |
0 |
|a Lincolnwood, Ill.:
|b NTC Business Books,
|c 1992.
|
| 300 |
0 |
0 |
|a 205 p..
|
| 500 |
0 |
0 |
|a Originally published : New York : Quorum Books, 1989
|
| 650 |
0 |
0 |
|a Product management
|
| 650 |
0 |
0 |
|a Marketing --
|z United States
|
| 651 |
0 |
0 |
|a United States
|
| 999 |
|
|
|a 0000006385
|b Book
|c Open shelf
|e Business Information Centre
|